My Favorite Movies - Statistics

General Stats
  • This quiz has been taken 7 times
  • The average score is 10 of 16
Answer Stats
Picture Answer % Correct
Corpse Bride
100%
Joker
100%
Pulp Fiction
100%
Coraline
86%
The Breakfast Club
86%
The Nightmare before Christmas
86%
Alice in Wonderland
71%
Dead Poets Society
71%
The Truman Show
71%
Monster House
43%
Sucker Punch
43%
Monster High Why do Ghouls Fall in Love
29%
Scary Stories to Tell in the Dark
29%
Monster High Boo York Boo York
14%
Monster High Friday Night Frights
14%
Totally True Love
14%
No matching quizzes found
Score Distribution
Percent of People with Each Score
Percentile by Number Answered
Your Score History
You have not taken this quiz